Female Rap Quiz - Statistics

General Stats
  • This quiz has been taken 55 times
  • The average score is 9 of 15
Answer Stats
Question Answer % Correct
Which rapper comes from Australia? Iggy Azalea
83%
Which rappers highly dislike each other? Nicki Minaj + Cardi B
81%
Which rapper has had at least one Billboard Hot 100 #1 Nicki Minaj
76%
Who collaborated with Cardi B on Please me? Bruno Mars
74%
Which rapper is known to have "sons"? Nicki Minaj
74%
Which females are elite with their flow? Iggy Azalea, Nicki Minaj, Doja Cat
67%
Which rapper did Nicki Minaj date previously? Meek Mill
67%
Who is the queen of rap? Nicki Minaj
67%
Who was featured on the hit song Black Widow? Rita Ora
60%
Which females were in the rap Duo, City Girls? Yung Miami, JT
60%
Which female rappers showed up to Kamala Harris's campaign? Cardi B, Megan Thee Stallion
55%
What song is Azealia Banks known for? 212
45%
Which female rapper dated Playboi Carti? Iggy Azalea
40%
Which rapper was featured on Big Bank? Nicki Minaj
38%
Which female rapper voted for Donald J Trump, at least in his first term? Sexyy Red
26%
No matching quizzes found
Score Distribution
Percent of People with Each Score
Percentile by Number Answered
Your Score History
You have not taken this quiz